Understanding Cultural Policy
Uložené v:
| Hlavný autor: | |
|---|---|
| Médium: | Kniha |
| Jazyk: | English |
| Vydavateľské údaje: |
New York
Routledge
2018
|
| Predmet: | |
| Tagy: |
Žiadne tagy, Buďte prvý, kto otaguje tento záznam!
|
MARC
| LEADER | 00000nam a2200000 4500 | ||
|---|---|---|---|
| 001 | 0257300 | ||
| 005 | 20240221114432.7 | ||
| 020 | |a 978-1-138-69535-1 | ||
| 020 | |a 978-1-138-69533-7 | ||
| 020 | |a 978-1-315-52685-0 | ||
| 041 | 0 | |a eng | |
| 044 | |a US | ||
| 245 | 1 | 0 | |a Understanding Cultural Policy |c Carole Rosenstein |
| 264 | 1 | |a New York |b Routledge |c 2018 | |
| 300 | |a 271 s. | ||
| 610 | 2 | 0 | |a politika kultúrna |
| 610 | 2 | 0 | |a kultúra |
| 610 | 2 | 0 | |a politika |
| 610 | 2 | 0 | |a vývoj |
| 610 | 2 | 0 | |a byrokracia |
| 610 | 2 | 0 | |a intervencie |
| 610 | 2 | 0 | |a regulácia |
| 610 | 2 | 0 | |a zákony |
| 610 | 2 | 0 | |a dáta |
| 610 | 2 | 0 | |a výskum |
| 610 | 2 | 0 | |a porovnanie medzinárodné |
| 610 | 2 | 0 | |a USA |
| 100 | 1 | |a Rosenstein, Carole | |